| 000 | 01096cam a2200193 a 4500 | ||
|---|---|---|---|
| 020 | _a0314042202 (hard : alk. paper) | ||
| 040 | _cDLC | ||
| 082 | _a346 WES 1995 A108 Or. | ||
| 245 | 0 | 0 |
_aWest's business law : _btext, cases, legal, ethical, regulatory, and international environment / |
| 250 | _a6th ed. | ||
| 260 |
_aMinneapolis/St. Paul : _bWest Pub. Co., _cc1995. |
||
| 300 |
_a1 v. (various pagings) : _bill., forms ; _c27 cm. + _einstructor's manual. |
||
| 500 | _aAccompanied by: Answers to questions and case problems (xvii, 309 p.); Test bank (xiv, 817 p.); Study guide (viii, 768 p.); Handbook of selected statutes (vii, 44 p.); Study guide/outline (xviii, 462, 49 p.); Instructor's course planning guide and media handbook (xvi, 221 p.); Instructor's manual for The Drama of the law, and The drama of the law, part II (xvi, 213 p.) which also accompanies West's business law, alternate ed., 6th ed.; Business law and the CPA exam (x, 226 p.). | ||
| 500 | _aIncludes index. | ||
| 650 | 0 | _aCommercial law | |
| 650 | 0 | _aCommercial law | |
| 700 | 1 | _aClarkson, Kenneth W. | |
| 942 | _cEK | ||
| 999 |
_c16709 _d16709 |
||